Ajuste marital y emociones específicas sentidas y percibidas por los cónyuges durante una conversación /

Estudios previos han mostrado una asociación entre el ajuste marital y la evaluación\de una persona de su propio afecto o el de su cónyuge durante una conversación\marital. Sin embargo, tales mediciones de la conversación han quedado restringidas a\las categorías globales de afecto positivo y negati...

Full description

Bibliographic Details
Main Author: Wilson Alcalde, Juan E
Other Authors: Mejía Paredes, Juan O.
Format: Analitica de revista
Language:Spanish
Online Access:Acceso lectrónico al documento

MARC

LEADER 00000cab a2200000 a 4500
001 042498
003 UAHC_CL
005 20180731172238.0
008 040430b xx j 000 1 spa
952 |0 0  |1 0  |4 0  |6 REVISTA_PSICOLOGIA_U__CHILE_01_020000000000000  |7 0  |8 General  |9 79226  |a BC  |b BC  |c General  |d 2017-08-03  |l 0  |o REVISTA PSICOLOGIA U. CHILE 01/02  |p FICTICIO7615  |r 2019-01-08 00:00:00  |t 1  |w 2017-08-03  |y REVA 
999 |c 42498  |d 42498 
040 |a UAHC_CL  |c UAHC_CL  |d UAHC_CL 
100 1 |a Wilson Alcalde, Juan E 
245 1 0 |a Ajuste marital y emociones específicas sentidas y percibidas por los cónyuges durante una conversación /  |c Juan E. Wilson Alcalde , Juan O. Mejía Paredes. 
300 |a pp. 129-138 
520 |a Estudios previos han mostrado una asociación entre el ajuste marital y la evaluación\de una persona de su propio afecto o el de su cónyuge durante una conversación\marital. Sin embargo, tales mediciones de la conversación han quedado restringidas a\las categorías globales de afecto positivo y negativo. En este estudio, 60 personas\evaluaron durante cada minuto de su conversación marital la intensidad de su experiencia\y la de su pareja en torno a 7 emociones específicas: enojo, tristeza, temor,\interés, alegría, cariño y tranquilidad. Un subconjunto de estas variables explicó un\64% de la varianza en el ajuste marital femenino y otro un 70% de la varianza en el\ajuste marital masculino. 
700 1 |a Mejía Paredes, Juan O. 
700 1 |a Mejía Paredes, Juan O. 
773 0 |t Revista de psicologia social.  |w 041280 
856 |u http://csociales.uchile.cl/psicologia/publica/volxiN1/Wilson-Mejia.pdf  |y Acceso lectrónico al documento 
900 |a REVISTA PSICOLOGIA U. CHILE 01/02 
942 |c REVA  |2 ddc